[Event "San Francisco TNM Summer op"]
[Site "San Francisco"]
[Date "2009.07.07"]
[Round "7"]
[White "Litowsky, Daniel"]
[Black "Rettenmaier, Robert"]
[Result "0-1"]
[WhiteElo "1700"]
[BlackElo "1596"]
[PlyCount "93"]
[EventDate "2009.05.26"]
[EventType "swiss"]
[EventRounds "8"]
[EventCountry "USA"]
[SourceTitle "EXT 2012"]
[Source "ChessBase"]
[SourceDate "2011.11.24"]
[SourceVersion "1"]
[SourceVersionDate "2011.11.24"]
[SourceQuality "1"]

1. e4 c5 2. Nc3 g6 3. Bc4 Bg7 4. Nf3 Nc6 5. a3 d6 6. h3 Nf6 7. d3 0-0 8. 0-0 a6 9. Ne2 Nd7 10. c3 Nde5 11. Nxe5 Nxe5 12. Bb3 Qb6 13. Be3 Nxd3 14. Bxf7+ Rxf7 15. Qxd3 Bd7 16. b4 Qb5 17. Qxb5 Bxb5 18. Rfe1 Bxe2 19. Rxe2 Bxc3 20. Rb1 cxb4 21. axb4 Be5 22. Reb2 e6 23. Rc1 Bf4 24. Bxf4 Rxf4 25. f3 Rf7 26. Rd1 Rd7 27. Kf2 Kf7 28. Ke3 a5 29. Ra1 a4 30. b5 Ra5 31. g4 Rc7 32. Rb4 a3 33. Kd3 Rc5 34. b6 Rcb5 35. Rxb5 Rxb5 36. Rxa3 Rxb6 37. Ke3 Rc6 38. Ra7 Rc7 39. Kf4 h6 40. h4 Re7 41. Ra8 d5 42. exd5 exd5 43. Rd8 Ke6 44. Rg8 Kd7 45. Rxg6 d4 46. g5 hxg5+ 47. hxg5 0-1

[Event "San Francisco TNM Summer op"]
[Site "San Francisco"]
[Date "2009.06.25"]
[Round "5"]
[White "Rettenmaier, Robert"]
[Black "Leavens, Weston A"]
[Result "1-0"]
[WhiteElo "1596"]
[BlackElo "1782"]
[PlyCount "97"]
[EventDate "2009.05.26"]
[EventType "swiss"]
[EventRounds "8"]
[EventCountry "USA"]
[SourceTitle "EXT 2012"]
[Source "ChessBase"]
[SourceDate "2011.11.24"]
[SourceVersion "1"]
[SourceVersionDate "2011.11.24"]
[SourceQuality "1"]

1. e4 e6 2. Nf3 d5 3. Nc3 c5 4. exd5 exd5 5. Bb5+ Bd7 6. Qe2+ Be7 7. Nxd5 a6 8. Bxd7+ Nxd7 9. Ne5 Ngf6 10. Nxf6+ Nxf6 11. 0-0 0-0 12. Re1 Bd6 13. Ng4 Nxg4 14. Qxg4 Qc7 15. h3 Rae8 16. Rf1 Re6 17. d3 Rfe8 18. Be3 Qc6 19. Qf3 Qc7 20. Rfe1 Rf6 21. Qd1 Qc6 22. Bd2 Rg6 23. Bc3 Rxe1+ 24. Bxe1 Re6 25. Qg4 Rg6 26. Qe4 Qd7 27. Kf1 Re6 28. Qg4 Qe8 29. Bc3 Be5 30. Re1 Bxc3 31. Rxe6 fxe6 32. bxc3 Qc6 33. Qe4 Qb6 34. Qa4 Kf7 35. Qf4+ Ke8 36. Ke2 Qc6 37. Qe4 Qxe4+ 38. dxe4 c4 39. a4 Ke7 40. e5 Kd7 41. Ke3 Kc6 42. Kd4 b5 43. a5 Kc7 44. Kc5 g5 45. g3 h6 46. f3 h5 47. h4 gxh4 48. gxh4 Kc8 49. Kd6 1-0

[Event "San Francisco TNM Spring op"]
[Site "San Francisco"]
[Date "2009.05.05"]
[Round "8"]
[White "Campers, William"]
[Black "Rettenmaier, Robert"]
[Result "1-0"]
[WhiteElo "1777"]
[BlackElo "1462"]
[PlyCount "73"]
[EventDate "2009.03.16"]
[EventType "swiss"]
[EventRounds "8"]
[EventCountry "USA"]
[SourceTitle "EXT 2012"]
[Source "ChessBase"]
[SourceDate "2011.11.24"]
[SourceVersion "1"]
[SourceVersionDate "2011.11.24"]
[SourceQuality "1"]

1. e4 c5 2. Nf3 g6 3. d4 cxd4 4. Nxd4 Nc6 5. Be3 Nf6 6. f3 Bg7 7. Nc3 0-0 8. Qd2 d5 9. Nxc6 bxc6 10. 0-0-0 e6 11. Bg5 Qb6 12. e5 Nd7 13. Be3 Qb7 14. f4 Rb8 15. b3 c5 16. Bf2 c4 17. h4 Bh6 18. h5 Bg7 19. hxg6 fxg6 20. Be2 Nxe5 21. Bd4 cxb3 22. cxb3 Nc6 23. Bxg7 Qxg7 24. Kb1 Ne7 25. g4 Rb4 26. f5 exf5 27. Nxd5 Nxd5 28. Qxd5+ Kh8 29. Qc5 Rb7 30. Bc4 fxg4 31. Rxh7+ Kxh7 32. Rh1+ Qh6 33. Rxh6+ Kxh6 34. Qxf8+ Kh5 35. Qxc8 Rh7 36. Bd3 g3 37. Qh3+ 1-0

[Event "San Francisco Chernev Memorial"]
[Site "San Francisco"]
[Date "2008.09.09"]
[Round "6"]
[White "Mar, Henry"]
[Black "Rettenmaier, Robert"]
[Result "0-1"]
[WhiteElo "1500"]
[BlackElo "1057"]
[PlyCount "40"]
[EventDate "2008.08.05"]
[EventType "swiss"]
[EventRounds "8"]
[EventCountry "USA"]
[SourceTitle "CBM 126 Extra"]
[Source "ChessBase"]
[SourceDate "2008.11.05"]
[SourceVersion "1"]
[SourceVersionDate "2008.11.05"]
[SourceQuality "1"]

1. e4 c5 2. Nf3 g6 3. d4 cxd4 4. Nxd4 Nc6 5. Nxc6 bxc6 6. Qd4 Nf6 7. e5 Nd5 8. c4 Nb4 9. Na3 Qa5 10. Bd2 Qxa3 11. Bxb4 Qxb4+ 12. Kd1 Bg7 13. Bd3 d6 14. f4 0-0 15. a3 Qb6 16. Qc3 dxe5 17. fxe5 Rd8 18. c5 Qb5 19. Kc2 Rxd3 20. Qxd3 Bf5 0-1